Les régions françaises en 1 minute - Statistiques

Statistiques générales
  • Ce quiz a été pris 82 fois
  • Le résultat moyen est 13 sur 18
Statistiques - réponses
Réponse % Correct
Île de France
91%
Bretagne
87%
Grand-Est
85%
Provence-Alpes-Côte d'Azur
85%
Hauts de France
80%
Occitanie
80%
Auvergne-Rhône-Alpes
78%
Normandie
78%
Nouvelle Aquitaine
78%
Guadeloupe
74%
Bourgogne Franche-Comté
69%
Guyane
67%
Martinique
67%
Pays de la Loire
67%
Corse
63%
La Réunion
63%
Mayotte
57%
Centre-Val de Loire
54%
Aucun quiz correspondant
Distribution des résultats
% des personnes avec chaque résultat
Percentile par nombre de réponses
Votre historique - résultats
Vous n’avez pas pris ce quiz